Представление документа в формате RUSMARC

ПолеНазваниеЗначение
  Тип записи a
  Библиографический уровень m
001 Контрольный номер RU/CBS_UL/BASE/078d19f05c8c434fa7fe7e0e8ed7d8b9
005 Дата корректировки 20260203081223.6
010 Индекс ISBN __
a ISBN
b Уточнения в пер.
d Цена 18 р. 00 к.
9 Тираж экз.
100 Данные общей обработки __
a Данные общей обработки 20171006d2017 ||| 0rusy0189 ca
101 Язык документа 0_
a Язык текста rus
102 Страна публикации __
a Страна публикации RU
105 Кодированные данные (монография) __
a Кодированные данные (монография) y###||||000|y
200 Заглавие и сведения об ответственности 1_
a Заглавие Общая теория статистики
e Сведения, относящиеся к заглавию учебник для вузов
f Первые сведения об ответственности Н. Н. Ряузов
210 Выходные данные 1_
a Место издания Москва
c Издательство Статистика
d Дата издания 1971
215 Физическое описание __
a Объем 368 с.
d Формат см.
300 Общие примечания __
a Общие примечания 18+
606 Тематические рубрики 0_
a Основная рубрика Статистика - Учебники для вузов
610 Ключевые слова 0_
a Ключевые слова теория статистики
a Ключевые слова задачи статистики
a Ключевые слова наблюдения статистические
a Ключевые слова данные статистические
a Ключевые слова статистика
686 Индексы других классификаций __
a Классификационный индекс 60.6
2 Код системы ББК
700 Автор _1
a Фамилия Ряузов
b Имя (инициалы) Н. Н.
g Полное личное имя Николай Николаевич
801 Источник записи _0
a Страна RU
b Организация МБУК ЦБС
c Дата составления 20171006
g Правила каталогизации RCR
801 Источник записи _1
a Страна RU
b Организация МБУК ЦБС г. Ульяновска
c Дата составления 20171006
g Правила каталогизации RCR
852 Данные о местонахождении __
i Авторский знак Р 99
j Шифр хранения 60.6
901 Тип документа __
t Тип документа m